Directors of Matt Damon Movies - Statistics

General Stats
  • This quiz has been taken 78 times
  • The average score is 34 of 59
Answer Stats
Year Movie Director % Correct
2023 Oppenheimer Christopher Nolan
96%
2014 Interstellar Christopher Nolan
96%
2006 The Departed Martin Scorsese
95%
1998 Saving Private Ryan Steven Spielberg
95%
2012 Promised Land Gus Van Sant
91%
2002 Gerry Gus Van Sant
91%
1997 Good Will Hunting Gus Van Sant
91%
2024 Drive-Away Dolls Ethan Coen
87%
2010 True Grit Joel Coen & Ethan Coen
87%
2011 Contagion Steven Soderbergh
85%
2009 The Informant! Steven Soderbergh
85%
2008 Che: Part Two Steven Soderbergh
85%
2007 Ocean's Thirteen Steven Soderbergh
85%
2004 Ocean's Twelve Steven Soderbergh
85%
2001 Ocean's Eleven Steven Soderbergh
85%
2017 Suburbicon George Clooney
84%
2014 The Monuments Men George Clooney
84%
2023 Air Ben Affleck
82%
2021 The Last Duel Ridley Scott
82%
2015 The Martian Ridley Scott
82%
2010 Hereafter Clint Eastwood
78%
2009 Invictus Clint Eastwood
78%
1999 Dogma Kevin Smith
78%
1997 Chasing Amy Kevin Smith
78%
2016 Jason Bourne Paul Greengrass
71%
2010 Green Zone Paul Greengrass
71%
2007 The Bourne Ultimatum Paul Greengrass
71%
2004 The Bourne Supremacy Paul Greengrass
71%
2019 Ford v Ferrari James Mangold
69%
2024 The Instigators Doug Liman
58%
2002 The Bourne Identity Doug Liman
58%
1997 The Rainmaker Francis Ford Coppola
56%
2011 Happy Feet Two George Miller
56%
2008 Ponyo Hayao Miyazaki
56%
1999 The Talented Mr. Ripley Anthony Minghella
53%
2006 The Good Shepherd Robert De Niro
53%
2017 Downsizing Alexander Payne
47%
2024 IF John Krasinski
47%
2013 The Zero Theorem Terry Gilliam
47%
2005 The Brothers Grimm Terry Gilliam
47%
2011 We Bought a Zoo Cameron Crowe
45%
2001 The Majestic Frank Darabont
40%
2000 The Legend of Bagger Vance Robert Redford
38%
2013 Elysium Neill Blomkamp
36%
2003 Stuck on You Peter Farrelly & Bobby Farrelly
33%
1996 Courage Under Fire Edward Zwick
27%
2005 Syriana Stephen Gaghan
25%
2011 Margaret Kenneth Lonergan
22%
2016 The Great Wall Zhang Yimou
22%
2000 All the Pretty Horses Billy Bob Thornton
18%
1998 Rounders John Dahl
18%
2011 The Adjustment Bureau George Nolfi
16%
2021 Stillwater Tom McCarthy
16%
1992 School Ties Robert Mandel
13%
1993 Geronimo: An American Legend Walter Hill
13%
1988 Mystic Pizza Donald Petrie
7%
2000 Titan A.E. Don Bluth & Gary Goldman
7%
2002 Spirit: Stallion of the Cimarron Kelly Asbury & Lorna Cook
7%
1995 Glory Daze Rich Wilkes
5%
No matching quizzes found
Score Distribution
Percent of People with Each Score
Percentile by Number Answered
Your Score History
You have not taken this quiz